| 000 | 00778nam a2200241Ia 4500 | ||
|---|---|---|---|
| 003 | GCL | ||
| 005 | 20240530105427.0 | ||
| 008 | 140319s9999 xx 000 0 ara d | ||
| 040 |
_aGCL / _cGCL |
||
| 082 | 0 | 4 |
_a306.4812 _bم و |
| 100 | 1 | _aمحمد على محمد | |
| 245 | 1 | 0 |
_aوقت الفراغ فى المجتمع الحديث / _cمحمد على محمد |
| 260 |
_aالاسكندرية : _bدار المعرفة الجامعية |
||
| 300 |
_a322 ص ؛ _c24 سم. |
||
| 650 | 0 | 4 | _aالعلاقات الانسانية |
| 650 | 0 | 4 | _aالاجتماع |
| 650 | 0 | 4 | _aالالعاب الرياضية |
| 650 | 0 | 4 | _aوقت الفراغ |
| 650 | 0 | 4 | _aالالعاب الترفهية |
| 650 | 0 | 4 | _aالهوايات |
| 650 | 0 | 4 | _aالمسابقات |
| 942 |
_2ddc _cBK |
||
| 999 |
_c55936 _d55936 |
||